| 000 | 02188nam a2200469 a 4500 | ||
|---|---|---|---|
| 999 |
_c133984 _d133984 |
||
| 003 | BLK | ||
| 005 | 20250330004146.0 | ||
| 008 | 180409b bul|||||r ||||||| ||bul|| | ||
| 010 | _aKNG00139888000 | ||
| 040 | _aBLK | ||
| 041 |
_aBUL _cBUL |
||
| 080 |
_aОбща история на философията _b101(091) _x(44) _z101(091)(44) |
||
| 080 |
_aФренска литература _b821.133.1 _x-84 _z821.133.1-84 |
||
| 100 | 1 |
_aМонтен, Мишел дьо _eпърви автор _998988 |
|
| 139 |
_aМонтен, Мишел дьо _bМ 87 |
||
| 245 | 1 | 0 |
_aБезсмъртните мисли на Монтен _cМишел дьо Монтен; представени от Андре Жид; прев. от ориг. Атанас Христов Далчев; предг. от Михаил Петров Арнаудов. |
| 257 | _aFRA | ||
| 260 |
_bСветослав Славянски _c1942 _aСофия |
||
| 300 |
_a193 с. _b1 л. портр. _c18 см |
||
| 380 | _a1 | ||
| 490 |
_aБиблиотека Безсмъртни мисли _v№ 10 _9206028 |
||
| 500 | _a5 000 тир. - Съдържа и Монтен / А. Жид с.13-44. | ||
| 600 | 1 | 4 |
_aМонтен, Мишел дьо _998988 |
| 650 | 4 |
_aФилософи, френски - биографии _9293812 |
|
| 650 | 4 |
_aПисатели, френски _9249194 |
|
| 650 | 4 |
_aФилософия, френска _9250074 |
|
| 651 | 4 |
_aФранция _9179722 |
|
| 653 | _aфилософи | ||
| 653 | _aфилософска литература | ||
| 653 | _aМишел дьо Монтен | ||
| 700 | 1 |
_aЖид, Андре _eпредставени от _9371324 |
|
| 700 |
_aДалчев, Атанас Христов _d1904-1978 _gПоет. Преводач от английски, френски, немски, испански, руски, гръцки и унгарски език. _9363753 |
||
| 700 | 1 |
_aАрнаудов, Михаил Петров _933558 |
|
| 852 |
_aЦб 1.180.7998 _bО |
||
| 856 | 4 | _qpdf | |
| 856 | 4 | _qpdf | |
| 942 |
_cKNG _n0 _s1 |
||
| 944 |
_aCR _c21.02.2013 _lCRON CRON _k |
||
| 944 |
_aED _c2021-03-15 _kКети |
||
| 999 | _d133984 | ||
| 999 | _d133984 | ||